000 01027nam a22002537a 4500
005 20170124102947.0
010 _aA-972290
020 _c90.00
035 _aA-972290
037 _bCen Lib/Ret
040 _aDPL
_bHN
082 _a821
_bश्यामवि
100 _aश्याम विमल
_92125
245 _aसमय शब्द के औचित्य को जनता है /
_cश्याम विमल
246 _aSamay shabda ke auchitya ko jaanta hai /
_bby Shyam Vimal
260 _aदिल्ली
_bअनिल प्रकाशन
_c1998
270 _a2619-20, न्यू मार्किट, नई सड़क
_bदिल्ली
_e110006
300 _a80पृ.
_c21सेमी (सजिल्द)
650 _aहिंदी साहित्य
_950387
650 _aहिंदी--काव्य
_950388
650 _aHindi literature
_950389
650 _aHindi--Poetry
_950390
942 _2ddc
_cHN
_h821
_mश्यामवि
999 _c113052
_d113052